Normal view
MARC view
Entry Personal Name
001 - CONTROL NUMBER
- control field: 9856
003 - CONTROL NUMBER IDENTIFIER
- control field: ARRUPE
005 - DATE AND TIME OF LATEST TRANSACTION
- control field: 20140409135750.0
008 - FIXED-LENGTH DATA ELEMENTS
- fixed length control field: 140409|| aca||aabn | a|a d
040 ## - CATALOGING SOURCE
- Original cataloging agency: ARRUPE
- Transcribing agency: ARRUPE
100 ## - HEADING--PERSONAL NAME
- Personal name: McGrath, Alister E.,
- Dates associated with a name: 1953-
670 ## - SOURCE DATA FOUND
- Source citation: Work cat.: (ARRUPE)0: McGrath, Alister E., 1953-, Dawkins' God :, 2005.